| 000 | 00916cam a2200229Ia 4500 | ||
|---|---|---|---|
| 082 | 0 | 4 |
_a910.285 _bBUR _cN-02 ; P-45 |
| 100 | 1 |
_aBurrough, P. A. _96623 |
|
| 245 | 1 | 0 |
_aPrinciples of geographical information systems / _cPeter A. Burrough and Rachael A. McDonnell. |
| 250 | _aRepr. with corrections, 2000. | ||
| 260 |
_aOxford ; _aNew York : _bOxford University Press, _c[2000] |
||
| 300 |
_axiii, 333 p. : _bill. ; _c25 cm. |
||
| 490 | 1 | _aSpatial information systems and geostatics series | |
| 500 | _aRev. ed. of: Principles of geographical information systems for land resources assessment. | ||
| 526 |
_a0 _b0 _c0 _d910_285000000000000_BUR |
||
| 526 |
_a0 _b0 _c0 _d910_285000000000000_BUR |
||
| 526 |
_a0 _b0 _c0 _d910_285000000000000_BUR |
||
| 650 | 0 |
_aGeographic information systems. _96117 |
|
| 650 | 0 |
_aNUST _96342 |
|
| 700 | 1 |
_aBurrough, P. A. _96623 |
|
| 700 | 1 |
_aMcDonnell, Rachael. _96625 |
|
| 942 |
_2ddc _cBK |
||
| 999 |
_c541481 _d541481 |
||